000 00595cam a22002052 4500
001 0000021006
005 20151021151140.0
008 120106s xx 000 0 eng d
020 _a9966010874 :
040 _aKABU
_cKABU
050 0 _aHF5635
_b.W36 2008
100 1 _aWang'ombe, David K.
_@0000155187
245 1 0 _aFundamentals of accounting /
_cDavid K. Wang'ombe.
260 _aNairobi :
_bFocus,
_c2008.
300 _axiv, 573 p.
650 0 _aAccounting.
_@0000148321
852 1 _9p920 KES
908 _a120106
950 _@1
999 _c1226
_d1226